000 00597nam a2200169Ia 4500
008 110201s9999 xx 000 0 und d
082 _bB6989
_aS 1040
100 _aसोनवणी संजय
245 _aआभाळात गेलेली माणसं
260 _bपुष्प प्रकाशन लि.
365 _b110
600 _aसोनवणी संजय
630 _aआभाळात गेलेली माणसं
700 _aसोनवणी संजय
730 _aआभाळात गेलेली माणसं
942 _cBOOK
999 _c832558
_d832555